| 000 | 00489nam a22001457a 4500 | ||
|---|---|---|---|
| 005 | 20240226032239.0 | ||
| 008 | 240226b |||||||| |||| 00| 0 eng d | ||
| 082 |
_222 _a320.540954. _bIDE. |
||
| 100 | _aRajasekharaiah, A.M. DR. | ||
| 245 |
_aIdeological conflicts in Indian nationalism : _bLala Lajpat rai's role in pregandhian political development / _cDr. A.M. Rajasekharai.ah |
||
| 260 |
_aMadras : _bUniversity of Madras / _c1979. |
||
| 300 | _a64 p., | ||
| 650 | _aNationalism. | ||
| 942 | _cL | ||
| 999 |
_c485 _d485 |
||